الذات في السرد الروائي : دراسات نقدية / (Record no. 122919)

MARC details
000 -LEADER
fixed length control field 00574nam a22001937a 4500
005 - DATE AND TIME OF LATEST TRANSACTION
control field 20251108174955.0
008 - FIXED-LENGTH DATA ELEMENTS--GENERAL INFORMATION
fixed length control field 250721s2010 xx 000 0 ara d
082 14 - DEWEY DECIMAL CLASSIFICATION NUMBER
Classification number 813.009/برا
100 1# - MAIN ENTRY--PERSONAL NAME
Personal name برادة، محمد
245 10 - TITLE STATEMENT
Title الذات في السرد الروائي : دراسات نقدية /
264 1# - PRODUCTION, PUBLICATION, DISTRIBUTION, MANUFACTURE, AND COPYRIGHT NOTICE
Place of production, publication, distribution, manufacture عمان :
Name of producer, publisher, distributor, manufacturer دار أزمنة،
Date of production, publication, distribution, manufacture, or copyright notice 2010.
300 ## - PHYSICAL DESCRIPTION
Extent 265 ص.
650 17 - SUBJECT ADDED ENTRY--TOPICAL TERM
Topical term or geographic name as entry element النقد الأدبي
650 17 - SUBJECT ADDED ENTRY--TOPICAL TERM
Topical term or geographic name as entry element الأدب القصصي
650 17 - SUBJECT ADDED ENTRY--TOPICAL TERM
Topical term or geographic name as entry element الأردن
650 17 - SUBJECT ADDED ENTRY--TOPICAL TERM
Topical term or geographic name as entry element التحليل الأدبي
942 ## - ADDED ENTRY ELEMENTS (KOHA)
Source of classification or shelving scheme Dewey Decimal Classification
Koha item type Books
Holdings
حالة السحب حالة الفقدان مصدر التصنيف حالة التلف غير قابل للإعارة المكتبة الرئيسية المكتبة الحالية موقع الرف تاريخ التزويد الرقم المتسلسل Total Checkouts رقم الإستدعاء الباركود تاريخ آخر ظهور تاريخ الفاتورة نوع المادة (كوها)
    Dewey Decimal Classification     المكتبة المركزية المكتبة المركزية الإعارة 28/07/2025 1435564   813.009/برا PLD00194618 28/07/2025 28/07/2025 Books
    Dewey Decimal Classification     مكتبة أبو علندا العامة مكتبة أبو علندا العامة الإعارة 24/02/2011 1435576   813.009/برا PLD00194712 28/07/2025 24/02/2011 Books
    Dewey Decimal Classification     مكتبة الأميرة ايمان العامة مكتبة الأميرة ايمان العامة الإعارة 24/02/2011 1435566   813.009/برا PLD00194702 28/07/2025 24/02/2011 Books
    Dewey Decimal Classification     مكتبة الاميرة بديعة مكتبة الاميرة بديعة الإعارة 24/02/2011 1435567   813.009/برا PLD00194703 28/07/2025 24/02/2011 Books
    Dewey Decimal Classification     مكتبة الحسن العامة مكتبة الحسن العامة الإعارة 24/02/2011 1435571   813.009/برا PLD00194707 28/07/2025 24/02/2011 Books
    Dewey Decimal Classification     مكتبة الراية الهاشمية للأطفال مكتبة الراية الهاشمية للأطفال الإعارة 05/02/2015 1591530   813.009/برا PLD00315445 28/07/2025 05/02/2015 Books
    Dewey Decimal Classification     مكتبة النصر العامة مكتبة النصر العامة الإعارة 24/02/2011 1435577   813.009/برا PLD00194713 28/07/2025 24/02/2011 Books
    Dewey Decimal Classification     مكتبة صويلح العامة مكتبة صويلح العامة الإعارة 24/02/2011 1435565   813.009/برا PLD00194701 28/07/2025 24/02/2011 Books
Implemented & Customized by: BBB with SCIT (Smart Chains for Information Technology)

Powered by Koha